000 00533nam a2200169 4500
999 _c4318
_d4318
008 160903b xxu||||| |||| 00| 0 eng d
022 _a2094-8042
082 _aDPer 370.105 M72 Jan-Dec 2012 v. 60-61
100 _914074
_aCardona, Catherine G.
243 _aThe modern teacher
245 _aTag-ulan/
_cCatherine G. Cardona.
260 _aPhilippines:
_bIn the Grade School, Inc.,
_c©2012.
300 _av61 n2, page 74:
_c28 cm.
500 _aThe Modern Teacher
650 0 _918623
_aPhilippine
_vPoetry
942 _2ddc
_cPER